| 000 | 01312nac a22003251i 4500 | ||
|---|---|---|---|
| 003 | EG-ScBUE | ||
| 005 | 20240625111952.0 | ||
| 008 | 240625r19941984enk f b 001 0 eng d | ||
| 020 | _a9780521289689 | ||
| 020 | _a0521289688 (pbk.) : | ||
| 040 |
_aEG-ScBUE _beng _erda _cEG-ScBUE _dEG-ScBUE |
||
| 043 | _af-ua--- | ||
| 082 | 0 | 4 |
_a962.03 _bSAY _222 |
| 100 | 1 |
_aSayyid-Marsot, Afaf Lutfi, _eauthor. |
|
| 245 | 1 | 0 |
_aEgypt in the reign of Muhammad Ali / _cAfaf Lutfi al-Sayyid Marsot, professor in near and Middle East history, University of California, Los Angeles. |
| 250 | _aReprint edition. | ||
| 264 | 1 |
_aCambridge ; _aNew York : _bCambridge University Press, _c1994. |
|
| 300 |
_ax, 300 pages ; _c24 cm. |
||
| 336 |
_2rdacontent _atext _btxt |
||
| 337 |
_aunmediated _2rdamedia _bn |
||
| 338 |
_avolume _bnc _2rdacarrier |
||
| 490 | 0 | _aCambridge Middle East library | |
| 504 | _aIncludes bibliographical references and index. | ||
| 600 | 0 | 7 |
_aMuḥammad ʻAlī Bāshā, _cGovernor of Egypt, _d1769-1849. _2BUEsh |
| 651 | 7 |
_aEgypt _xHistory _yMohammed Ali, 1805-1849. _2BUEsh |
|
| 655 | _vReading book | ||
| 856 | 4 | 2 |
_3Publisher description _uhttp://www.loc.gov/catdir/description/cam022/83005241.html |
| 856 | 4 | 2 |
_3Table of contents _uhttp://www.loc.gov/catdir/toc/cam022/83005241.html |
| 942 |
_cBB _2ddc |
||
| 999 |
_c5177 _d5177 |
||